Catalog

Record Details

Catalog Search



Available copies

  • 3 of 3 copies available at LARL/NWRL Consortium.
  • 2 of 2 copies available at Lake Agassiz Regional Library. (Show preferred library)

Current holds

0 current holds with 3 total copies.

Show All Copies
Location Call Number / Copy Notes Barcode Shelving Location Status Due Date
Crookston Public Library WRO (Text) 33500013230578 Main Available -
Detroit Lakes Public Library WRO (Text) 33500013230560 Main Available -
Greenbush Public Library WRO (Text) 35500006284119 Main Available -

Record details

  • ISBN: 9780593100066
  • ISBN: 0593100069
  • Physical Description: 311 pages ; 21 cm
  • Edition: First edition.
  • Publisher: New York : Berkley, 2020.

Content descriptions

Summary, etc.:
For the first eighteen years of her life, Rose ... Read More
Subject: Munchausen syndrome by proxy > Patients > United States > Fiction.
Mothers and daughters > Fiction.
Revenge > Fiction.
Munchausen syndrome by proxy.
Genre: Thrillers (Fiction)
Psychological fiction.
Thrillers (Fiction)
Psychological fiction.
LDR 02425cam a22004578i 4500
001338091
003LARL_NWRL_CONSORTIUM
00520200428163422.0
008190801s2020 nyu 000 1 eng
010 . ‡a 2019033241
040 . ‡aDLC ‡beng ‡erda ‡cDLC ‡dOCLCF ‡dMJ8 ‡dOCLCO ‡dON8 ‡dRB0 ‡dNZAUC ‡dCHVBK ‡dDEERP
020 . ‡a9780593100066 ‡q(hardback)
020 . ‡a0593100069 ‡q(hardback)
020 . ‡z9780593100097 ‡q(ebook)
035 . ‡a(OCoLC)1105938458
042 . ‡apcc
08200. ‡a813/.6 ‡223
1001 . ‡aWrobel, Stephanie, ‡eauthor.
24510. ‡aDarling Rose Gold / ‡cStephanie Wrobel.
250 . ‡aFirst edition.
264 1. ‡aNew York : ‡bBerkley, ‡c2020.
300 . ‡a311 pages ; ‡c21 cm
336 . ‡atext ‡btxt ‡2rdacontent
337 . ‡aunmediated ‡bn ‡2rdamedia
338 . ‡avolume ‡bnc ‡2rdacarrier
520 . ‡aFor the first eighteen years of her life, Rose Gold Watts believed she was seriously ill. She was allergic to everything, used a wheelchair and practically lived at the hospital. Neighbors did all they could, holding fundraisers and offering shoulders to cry on, but no matter how many doctors, tests, or surgeries, no one could figure out what was wrong with Rose Gold. Turns out her mom, Patty Watts, was just a really good liar. After serving five years in prison, Patty gets out with nowhere to go and begs her daughter to take her in. The entire community is shocked when Rose Gold says yes. Patty insists all she wants is to reconcile their differences. She says she's forgiven Rose Gold for turning her in and testifying against her. But Rose Gold knows her mother. Patty Watts always settles a score. Unfortunately for Patty, Rose Gold is no longer her weak little darling... And she's waited such a long time for her mother to come home.
650 0. ‡aMunchausen syndrome by proxy ‡zPatients ‡zUnited States ‡vFiction.
650 0. ‡aMothers and daughters ‡vFiction. ‡0(LARL_NWRL_CONSORTIUM)166030
650 0. ‡aRevenge ‡vFiction. ‡0(LARL_NWRL_CONSORTIUM)167017
650 7. ‡aMunchausen syndrome by proxy. ‡2fast ‡0(LARL_NWRL_CONSORTIUM)38876
655 7. ‡aThrillers (Fiction) ‡2gsafd
655 7. ‡aPsychological fiction. ‡2gsafd
655 7. ‡aThrillers (Fiction) ‡2lcgft
655 7. ‡aPsychological fiction. ‡2lcgft
901 . ‡a338091 ‡bOCoLC ‡c338091 ‡tbiblio ‡soclc

Additional Resources